000 00662nam a2200229 4500
001 10805
003 ES-MaACL
005 20240521124627.0
008 000000s1983 sp ||||0| spa d
020 _a84-7232-294-7
080 _a801
080 _a806.0
100 1 _aAlvar, Manuel,
_d1923-2001
_920583
245 1 3 _aLa lengua como libertad y otros estudios /
_cManuel Alvar.
260 _aMadrid :
_bCultura Hispánica,
_c1983.
300 _a374 p. ;
_c24 cm.
504 _aBibliografía. - Indice.
650 4 _aLingüística.
_914463
650 4 _aFilología española.
_912796
852 _aES-MaACL
_jL-18135
999 _c10805
_d10805